000 00528nam a2200181 i 4500
001 bg
100 1 _aOMURA, George
245 0 _aOpanuj Auto CAD werja 12 /
_cGeorge Omura ; [tł. Robert Ulijasz, Bartłomiej Sławiński, Marcin Kasperski]. - T. 1.
260 _aWarszawa :
_bWydaw. PLJ,
_c1994.
300 _a608 s. :
_brys. ;
_c21 cm +
_edyskietka.
020 _a837111334
040 _cBPK
041 _apol
080 _a681.322:744
920 _a83-71-1-133-4
942 _cKS
008 s pl f |000 0 pol
999 _c6549
_d6549
856 _uhttp://koha.tu.koszalin.pl/cgi-bin/koha/opac-detail.pl?biblionumber=6549
_yKatalog online BPK